Thống kê doanh nghiệp xây dựng
Zapisane w:
| 1. autor: | |
|---|---|
| Format: | Książka |
| Język: | Undetermined |
| Wydane: |
Xây dựng
2002
|
| Etykiety: |
Dodaj etykietę
Nie ma etykietki, Dołącz pierwszą etykiete!
|
| Thư viện lưu trữ: | Trung tâm Học liệu Trường Đại học Cần Thơ |
|---|
| LEADER | 00437nam a2200145Ia 4500 | ||
|---|---|---|---|
| 001 | CTU_49094 | ||
| 008 | 210402s9999 xx 000 0 und d | ||
| 082 | |a 624.072 | ||
| 082 | |b T305 | ||
| 100 | |a LÊ TỰ TIẾN | ||
| 245 | 0 | |a Thống kê doanh nghiệp xây dựng | |
| 245 | 0 | |c LÊ TỰ TIẾN, Lê Thị Cách | |
| 260 | |b Xây dựng | ||
| 260 | |c 2002 | ||
| 980 | |a Trung tâm Học liệu Trường Đại học Cần Thơ | ||